MCQ's Human Physiology (Record no. 142)
[ view plain ]
| 000 -LEADER | |
|---|---|
| fixed length control field | 00227nam a2200109Ia 4500 |
| 082 ## - DEWEY DECIMAL CLASSIFICATION NUMBER | |
| Classification number | QT 18.2 |
| Author Mark | ROD |
| 100 ## - MAIN ENTRY--PERSONAL NAME | |
| Author Name | Roddie, Lane |
| 245 #0 - TITLE STATEMENT | |
| Title | MCQ's Human Physiology |
| 250 ## - EDITION STATEMENT | |
| Edition statement | 4th |
| 260 ## - PUBLICATION, DISTRIBUTION, ETC. | |
| Date of publication, distribution, etc. | 1994 |
| 942 ## - ADDED ENTRY ELEMENTS (KOHA) | |
| Koha item type | Books |
| Source of classification or shelving scheme | |
| 952 ## - LOCATION AND ITEM INFORMATION (KOHA) | |
| -- | 2018-03-16 |
| 952 ## - LOCATION AND ITEM INFORMATION (KOHA) | |
| -- | 2018-03-16 |
| 952 ## - LOCATION AND ITEM INFORMATION (KOHA) | |
| -- | 2018-03-16 |
| 952 ## - LOCATION AND ITEM INFORMATION (KOHA) | |
| -- | 2020-03-11 |
| Item status | Home library | Current library | Shelving location | Date acquired | Total Checkouts | Full call number | Barcode | Date last seen | Koha item type |
|---|---|---|---|---|---|---|---|---|---|
| Islamabad Dental Hospital | Islamabad Dental Hospital | Islamabad Dental Hospital | 11/03/2020 | QT 18.2 | D-1155 | 11/03/2020 | Books | ||
| Islamabad Medical and Dental College | Islamabad Medical and Dental College | Islamabad Medical and Dental College | 16/03/2018 | QT 18.2 | 140 | 16/03/2018 | Books | ||
| Islamabad Medical and Dental College | Islamabad Medical and Dental College | Islamabad Medical and Dental College | 16/03/2018 | QT 18.2 | 141 | 16/03/2018 | Books | ||
| Islamabad Medical and Dental College | Islamabad Medical and Dental College | Islamabad Medical and Dental College | 16/03/2018 | QT 18.2 | 142 | 16/03/2018 | Books |
